000
00245nam a22001217a 4500
040
_c
SY
082
_a
609
100
_a
NA
245
_a
Technology, បច្ចេកវិទ្យា
260
_a
RUA
_b
NA
_c
NA
300
_a
115p.
942
_c
KB
999
_c
9640
_d
9640